[Event "28th 4NCL Congress"]
[Site "Leamington Spa"]
[Date "2022.07.08"]
[Round "1"]
[Board "2"]
[White "Lekoudis, George"]
[Black "Turner, Lewis A"]
[Result "0-1"]
[WhiteElo "1775"]
[BlackElo "1986"]
[PlyCount "50"]
[EventDate "2022.07.08"]
[EventRounds "5"]
[EventCountry "ENG"]

1. e4 c5 2. Nf3 d6 3. Bc4 Nc6 4. c3 Nf6 5. d3 e6 6. Bg5 Be7 7. O-O O-O 8. Bb3
b5 9. Nbd2 h6 10. Be3 Ng4 11. Bf4 e5 12. Bg3 Nf6 13. h3 Qc7 14. Rc1 Qb6 15. Kh1
Na5 16. Bc2 Be6 17. b3 Nc6 18. Nh2 g6 19. f4 Nh5 20. Qf3 exf4 21. Bf2 Bf6 22.
Bb1 Bg7 23. b4 Ng3+ 24. Kg1 Ne5 25. Qxf4 Ne2+  0-1

[Event "28th 4NCL Congress"]
[Site "Leamington Spa"]
[Date "2022.07.08"]
[Round "1"]
[Board "3"]
[White "Sangha, Manpreet"]
[Black "Nilsson, Adam"]
[Result "1-0"]
[WhiteElo "1976"]
[BlackElo "1766"]
[PlyCount "61"]
[EventDate "2022.07.08"]
[EventRounds "5"]
[EventCountry "ENG"]

1. e4 e6 2. d4 d5 3. e5 c5 4. c3 Nc6 5. Nf3 Qb6 6. Bd3 cxd4 7. O-O Bd7 8. Re1
Bc5 9. b4 dxc3 10. bxc5 Qxc5 11. Ba3 Qa5 12. Qc2 b5 13. Nxc3 Qxa3 14. Nxb5 Qa5
15. Nd6+ Ke7 16. Nb7 Qb6 17. Rab1 Nb4 18. Qd2 Qxb7 19. Rxb4 Qc7 20. Reb1 Qa5
21. Nd4 Rc8 22. Bb5 Bxb5 23. Nxb5 Nh6 24. Nd6 Rc7 25. Rb7 Qc5 26. Rxc7+ Qxc7
27. Rb7 Qxb7 28. Nxb7 Rb8 29. Qb4+ Kd7 30. Qd6+ Kc8 31. Qc6#  1-0

[Event "28th 4NCL Congress"]
[Site "Leamington Spa"]
[Date "2022.07.08"]
[Round "1"]
[Board "4"]
[White "O'Gorman, Brendan"]
[Black "Bott, Simeon"]
[Result "0-1"]
[WhiteElo "1762"]
[BlackElo "1963"]
[PlyCount "78"]
[EventDate "2022.07.08"]
[EventRounds "5"]
[EventCountry "ENG"]

1. c4 e5 2. Nc3 Nf6 3. Nf3 Nc6 4. e4 Bc5 5. Nxe5 Nxe5 6. d4 Bd6 7. dxe5 Bxe5 8.
Qc2 O-O 9. Bd3 Re8 10. Bd2 d6 11. O-O a5 12. Ne2 Nd7 13. f4 Bf6 14. Bc3 Nc5 15.
e5 dxe5 16. Bxh7+ Kh8 17. Rad1 Qe7 18. fxe5 Bxe5 19. Bf5 g6 20. Bxc8 Raxc8 21.
Bxe5+ Qxe5 22. Qc3 Kg8 23. Qxe5 Rxe5 24. Nc3 c6 25. Rfe1 Rce8 26. Rxe5 Rxe5 27.
Rd8+ Kg7 28. Ra8 Nd3 29. h3 Nxb2 30. Rb8 Nxc4 31. Rxb7 Re3 32. Na4 Ra3 33. Nb6
Ne5 34. Nd7 Nxd7 35. Rxd7 Rxa2 36. Rc7 Rc2 37. Ra7 Rc5 38. Ra6 Kf6 39. Kf2 Ke6
 0-1

[Event "28th 4NCL Congress"]
[Site "Leamington Spa"]
[Date "2022.07.08"]
[Round "1"]
[Board "5"]
[White "Obi, Okwose Marc"]
[Black "Chapman, Philip M"]
[Result "1-0"]
[WhiteElo "1962"]
[BlackElo "1758"]
[PlyCount "53"]
[EventDate "2022.07.08"]
[EventRounds "5"]
[EventCountry "ENG"]

1. e4 g6 2. d4 Bg7 3. f4 c5 4. d5 d6 5. Nf3 Nf6 6. Nc3 Qa5 7. Bd2 a6 8. Bd3 Qb6
9. Qe2 Bg4 10. e5 dxe5 11. fxe5 Nfd7 12. Na4 Qd8 13. e6 fxe6 14. dxe6 Ne5 15.
Nxc5 O-O 16. Be4 Nbc6 17. O-O Nd4 18. Qd1 Ndxf3+ 19. gxf3 Qd4+ 20. Kg2 Qxc5 21.
fxg4 Rxf1 22. Qxf1 Rf8 23. Qe2 Nxg4 24. Rf1 Rxf1 25. Qxf1 Nf6 26. Bc3 Qc4 27.
Qxc4  1-0

[Event "28th 4NCL Congress"]
[Site "Leamington Spa"]
[Date "2022.07.08"]
[Round "1"]
[Board "6"]
[White "Sharpe, Peter T"]
[Black "Brencher, Paul"]
[Result "0-1"]
[WhiteElo "1757"]
[BlackElo "1959"]
[PlyCount "123"]
[EventDate "2022.07.08"]
[EventRounds "5"]
[EventCountry "ENG"]

1. d4 d6 2. Nf3 Nf6 3. Nc3 g6 4. Bg5 Bg7 5. e3 O-O 6. Be2 Nbd7 7. O-O c5 8. Re1
Qa5 9. Bh4 a6 10. a4 Qc7 11. Bg3 b6 12. d5 Bb7 13. e4 Nh5 14. Qd2 Nxg3 15. hxg3
Rad8 16. Bc4 Ne5 17. Nxe5 Bxe5 18. f4 Bd4+ 19. Kf1 Qc8 20. Be2 e6 21. Bg4 f5
22. exf5 exf5 23. Bf3 Rfe8 24. Rxe8+ Rxe8 25. Re1 Qd7 26. b3 b5 27. axb5 axb5
28. Nd1 Ba6 29. c3 Bf6 30. Kf2 Kf7 31. Ne3 h5 32. Rh1 Kg7 33. Be2 Qe7 34. Bd3
Qd7 35. Qa2 Bb7 36. Qa5 Ra8 37. Qxb5 Qxb5 38. Bxb5 Bxc3 39. Ba4 Bd4 40. Ke2
Bxe3 41. Kxe3 Bxd5 42. Kf2 c4 43. bxc4 Rxa4 44. cxd5 Rd4 45. Ra1 Rxd5 46. Ra7+
Kf6 47. Ke3 Rb5 48. Ra6 Ke6 49. Ra8 Kd5 50. Rg8 Kc4 51. Rxg6 d5 52. Rd6 Rb3+
53. Kd2 Rxg3 54. Rc6+ Kd4 55. Ra6 Rxg2+ 56. Ke1 Rh2 57. Rf6 Ke3 58. Kf1 Kxf4
59. Ra6 d4 60. Ra4 Ke3 61. Kg1 Rc2 62. Kf1  0-1

[Event "28th 4NCL Congress"]
[Site "Leamington Spa"]
[Date "2022.07.08"]
[Round "1"]
[Board "7"]
[White "Garnett, John S"]
[Black "Acharya, Kandara"]
[Result "1-0"]
[WhiteElo "1951"]
[BlackElo "1748"]
[PlyCount "83"]
[EventDate "2022.07.08"]
[EventRounds "5"]
[EventCountry "ENG"]

1. d4 Nf6 2. Bg5 g6 3. Bxf6 exf6 4. e3 Bg7 5. g3 O-O 6. Bg2 d5 7. Ne2 c6 8. O-O
Bf5 9. Nd2 Qd7 10. c4 dxc4 11. Nxc4 Bh3 12. Bxh3 Qxh3 13. Nf4 Qd7 14. Qb3 Qc7
15. Rac1 Nd7 16. Rfe1 Nb6 17. Nxb6 Qxb6 18. Rc3 f5 19. Qc2 Rfd8 20. Rb3 Qc7 21.
Nd3 Bf8 22. Rc1 Rac8 23. Nc5 Bxc5 24. Qxc5 b6 25. Qc2 Rd6 26. Rc3 Qd7 27. b4 a6
28. a4 b5 29. axb5 axb5 30. Rc5 Ra8 31. Qb2 Ra6 32. Ra1 Qa7 33. Rxa6 Qxa6 34.
Rc1 f6 35. Ra1 Qc8 36. Ra7 Qe6 37. Qa3 Rd7 38. Ra8+ Kf7 39. Qa6 Qc4 40. Qc8 Ke6
41. Ra7 Qd5 42. Qe8+  1-0

[Event "28th 4NCL Congress"]
[Site "Leamington Spa"]
[Date "2022.07.08"]
[Round "1"]
[Board "8"]
[White "Vdovycia, Titas"]
[Black "McDonnell, James J"]
[Result "0-1"]
[WhiteElo "1734"]
[BlackElo "1934"]
[PlyCount "40"]
[EventDate "2022.07.08"]
[EventRounds "5"]
[EventCountry "ENG"]

1. e4 c5 2. c3 Nf6 3. e5 Nd5 4. d4 cxd4 5. Nf3 e6 6. cxd4 Nc6 7. Nc3 Nxc3 8.
bxc3 Be7 9. Bd3 O-O 10. Bc2 d6 11. Qd3 g6 12. Qe3 dxe5 13. Qh6 f5 14. dxe5 Qa5
15. Bb2 Nxe5 16. Qf4 Bf6 17. O-O-O Ng4 18. Qd2 Bg7 19. Bb1 Qc5 20. Rhf1 Nf6 {
Ineligible scoresheet}  0-1

[Event "28th 4NCL Congress"]
[Site "Leamington Spa"]
[Date "2022.07.08"]
[Round "1"]
[Board "9"]
[White "Daniels, David W"]
[Black "Chantrell, Paul"]
[Result "1-0"]
[WhiteElo "1921"]
[BlackElo "1733"]
[PlyCount "57"]
[EventDate "2022.07.08"]
[EventRounds "5"]
[EventCountry "ENG"]

1. d4 d5 2. c4 c6 3. cxd5 cxd5 4. Nc3 Nf6 5. Qb3 Nc6 6. e3 e6 7. Nf3 Bb4 8. a3
Ba5 9. Bd3 O-O 10. O-O Bc7 11. Bd2 b6 12. Rac1 Bb7 13. Ne2 Nd7 14. Qc2 h6 15.
e4 Rc8 16. e5 Re8 17. Qb1 Ncb8 18. Nf4 Ba6 19. Rc3 Nf8 20. Rfc1 b5 21. Nh5 Qd7
22. Bxh6 b4 23. axb4 Bxd3 24. Qxd3 Bb6 25. Bxg7 Rxc3 26. bxc3 Nh7 27. Nf6+ Nxf6
28. Bxf6 Bd8 29. Ng5  1-0

[Event "28th 4NCL Congress"]
[Site "Leamington Spa"]
[Date "2022.07.08"]
[Round "1"]
[Board "10"]
[White "Fisher, Neal"]
[Black "Jacob, Sydney J"]
[Result "0-1"]
[WhiteElo "1732"]
[BlackElo "1899"]
[PlyCount "68"]
[EventDate "2022.07.08"]
[EventRounds "5"]
[EventCountry "ENG"]

1. d4 Nf6 2. Bg5 e6 3. Nf3 Be7 4. Nc3 d5 5. e3 O-O 6. Bd3 Nbd7 7. a4 c5 8. O-O
a6 9. Re1 c4 10. Bf1 Bb4 11. Re2 Bxc3 12. bxc3 Qa5 13. Ra3 Ne4 14. Qa1 f6 15.
Bf4 g5 16. Bg3 h5 17. Nd2 Nxg3 18. fxg3 f5 19. Nf3 g4 20. Nh4 Kg7 21. Re1 Nf6
22. Be2 Ne4 23. Rf1 Bd7 24. Rf4 Rfb8 25. Rxe4 fxe4 26. Qd1 Qd8 27. Bxg4 Qg5 28.
Bxh5 Qxe3+ 29. Kh1 Qg5 30. Be2 b5 31. axb5 axb5 32. Ra1 Rxa1 33. Qxa1 Qd2 34.
Qf1 Rf8  0-1

[Event "28th 4NCL Congress"]
[Site "Leamington Spa"]
[Date "2022.07.08"]
[Round "1"]
[Board "11"]
[White "Thynne, Trefor F"]
[Black "Prince, Alan R"]
[Result "1-0"]
[WhiteElo "1897"]
[BlackElo "1730"]
[PlyCount "63"]
[EventDate "2022.07.08"]
[EventRounds "5"]
[EventCountry "ENG"]

1. d4 Nf6 2. c4 g6 3. Nc3 Bg7 4. Nf3 d6 5. g3 O-O 6. Bg2 Nbd7 7. O-O e5 8. e4
a6 9. h3 b5 10. cxb5 axb5 11. b4 Bb7 12. Re1 exd4 13. Nxd4 Re8 14. Rb1 c6 15.
f4 Rc8 16. Be3 Nb6 17. Bf2 Nc4 18. Qd3 Nd7 19. a4 Ba6 20. axb5 cxb5 21. Ra1 Ra8
22. e5 dxe5 23. Bxa8 Qxa8 24. Ndxb5 Qc6 25. Rxa6 Qxa6 26. Qxd7 Rc8 27. Bc5 e4
28. Rxe4 Qa1+ 29. Nd1 Qa8 30. Nc7 Rd8 31. Nxa8 Rxd7 32. Re8+  1-0

[Event "28th 4NCL Congress"]
[Site "Leamington Spa"]
[Date "2022.07.08"]
[Round "1"]
[Board "12"]
[White "Dooley, Max"]
[Black "Figueroa, Edison"]
[Result "0-1"]
[WhiteElo "1728"]
[BlackElo "1888"]
[PlyCount "80"]
[EventDate "2022.07.08"]
[EventRounds "5"]
[EventCountry "ENG"]

1. e4 c5 2. Nf3 e6 3. c4 Nc6 4. Nc3 d6 5. d4 cxd4 6. Nxd4 Nf6 7. Be3 Be7 8. Be2
O-O 9. O-O Bd7 10. Ndb5 Qb8 11. Bf4 e5 12. Bg5 a6 13. Bxf6 Bxf6 14. Nxd6 Nd4
15. c5 Be7 16. Nc4 Bxc5 17. Nd5 b5 18. b4 Nxe2+ 19. Qxe2 Bd4 20. Nb2 Qd6 21.
Kh1 Be6 22. Rab1 Bxd5 23. exd5 Qxd5 24. Nd3 Rac8 25. Rfd1 Rc6 26. Nc5 Rg6 27.
f3 Qc4 28. Qxc4 bxc4 29. Rbc1 c3 30. Ne4 Rc6 31. Rc2 Rfc8 32. g4 h6 33. Rd3 Rb6
34. a3 a5 35. b5 Rxb5 36. Nd6 Rb1+ 37. Kg2 Rb2 38. Rxb2 cxb2 39. Rb3 Rc1 40.
Rb8+ Kh7  0-1

[Event "28th 4NCL Congress"]
[Site "Leamington Spa"]
[Date "2022.07.08"]
[Round "1"]
[Board "13"]
[White "Johnson, Richard J"]
[Black "Clark, Evan"]
[Result "1-0"]
[WhiteElo "1886"]
[BlackElo "1712"]
[PlyCount "89"]
[EventDate "2022.07.08"]
[EventRounds "5"]
[EventCountry "ENG"]

1. e4 c5 2. Nf3 e6 3. d4 cxd4 4. Nxd4 a6 5. c4 Nf6 6. Bd3 Qc7 7. O-O Be7 8. Qe2
d6 9. Nc3 O-O 10. f4 Nbd7 11. Nf3 e5 12. f5 b6 13. Bd2 Bb7 14. Rac1 Rac8 15. b4
Qb8 16. Nd5 Nxd5 17. cxd5 b5 18. g4 Rxc1 19. Rxc1 Rc8 20. Rxc8+ Qxc8 21. g5 f6
22. h4 Qd8 23. gxf6 Nxf6 24. Qg2 Kh8 25. Ng5 Qb6+ 26. Kh2 Qd4 27. Ne6 Qf2 28.
Qxf2 Ng4+ 29. Kg2 Nxf2 30. Kxf2 Bxh4+ 31. Kf3 Kg8 32. Kg4 Bf2 33. a3 Bc8 34.
Be2 Kf7 35. Kg5 h6+ 36. Kh5 Bb6 37. Kh4 Bd7 38. Bh5+ Kf6 39. Bg6 Bxe6 40. dxe6
Bd4 41. Kh5 Bb2 42. Be1 Bc1 43. Bh4+ Bg5 44. Bxg5+ hxg5 45. Kg4  1-0

[Event "28th 4NCL Congress"]
[Site "Leamington Spa"]
[Date "2022.07.08"]
[Round "1"]
[Board "14"]
[White "Burns, Kenneth"]
[Black "Fearnhead, Ben"]
[Result "1/2-1/2"]
[WhiteElo "1711"]
[BlackElo "1876"]
[PlyCount "85"]
[EventDate "2022.07.08"]
[EventRounds "5"]
[EventCountry "ENG"]

1. d4 d5 2. c4 e5 3. dxe5 Ne7 4. Nf3 Nbc6 5. g3 Be6 6. Bg2 dxc4 7. O-O Ng6 8.
Qa4 Bc5 9. Rd1 Qc8 10. Nd4 Bxd4 11. Bxc6+ bxc6 12. Rxd4 Nxe5 13. Bf4 Nd7 14.
Nc3 O-O 15. Rad1 Rb8 16. R1d2 Bd5 17. Nxd5 cxd5 18. Qc6 Nf6 19. Qxc7 Qxc7 20.
Bxc7 Rb7 21. Ba5 Rfb8 22. Bc3 Kf8 23. f3 Re7 24. Rh4 Rb5 25. a4 Rb3 26. Bxf6
gxf6 27. Rxh7 Reb7 28. Rh5 Rxb2 29. Rxb2 Rxb2 30. Rxd5 Rxe2 31. Rc5 Rc2 32. h4
c3 33. Kf1 Ke7 34. Ke1 Kd6 35. Rc8 Ke5 36. Kd1 Rg2 37. Rxc3 Kd4 38. Rc7 Rxg3
39. Rxa7 Rxf3 40. Rxf7 Rh3 41. Rxf6 Rxh4 42. a5 Ke5 43. Rc6  1/2-1/2

[Event "28th 4NCL Congress"]
[Site "Leamington Spa"]
[Date "2022.07.08"]
[Round "1"]
[Board "15"]
[White "Gardner, Phillip K"]
[Black "Berridge, Martin"]
[Result "1/2-1/2"]
[WhiteElo "1863"]
[BlackElo "1693"]
[PlyCount "52"]
[EventDate "2022.07.08"]
[EventRounds "5"]
[EventCountry "ENG"]

1. e4 e6 2. d4 d5 3. e5 c5 4. c3 Nc6 5. Nf3 Qb6 6. Be2 cxd4 7. cxd4 Bb4+ 8. Nc3
Nge7 9. O-O Nf5 10. Na4 Qc7 11. a3 Be7 12. b4 Bd7 13. Bb2 O-O 14. Rc1 Qd8 15.
Nc5 Bxc5 16. Rxc5 a6 17. Qd2 b5 18. Rfc1 Rc8 19. a4 Na7 20. a5 Nc6 21. Bd3 Nfe7
22. h4 f6 23. exf6 Rxf6 24. Bc3 Qe8 25. Qe2 Qh5 26. Bd2 h6  1/2-1/2

[Event "28th 4NCL Congress"]
[Site "Leamington Spa"]
[Date "2022.07.08"]
[Round "1"]
[Board "16"]
[White "David, Barry AH"]
[Black "Jakhria, Kushal"]
[Result "0-1"]
[WhiteElo "1670"]
[BlackElo "1853"]
[PlyCount "100"]
[EventDate "2022.07.08"]
[EventRounds "5"]
[EventCountry "ENG"]

1. e4 c5 2. Nf3 Nc6 3. d4 cxd4 4. Nxd4 Nf6 5. Nc3 e5 6. Nb3 Bb4 7. Bd2 O-O 8.
Bd3 d5 9. exd5 Nxd5 10. O-O Nxc3 11. bxc3 Be7 12. Qf3 Be6 13. Rfd1 Qc7 14. c4
f5 15. Bf1 a5 16. a4 Nd8 17. Bc3 Bf6 18. Qd3 e4 19. Qd2 Bxc4 20. Bxf6 Rxf6 21.
Bxc4+ Qxc4 22. Qd5+ Qxd5 23. Rxd5 Nc6 24. Rad1 Rf7 25. c3 g6 26. Kf1 Rc7 27.
Nc5 Rac8 28. Ne6 Re7 29. Nc5 Ne5 30. Nxb7 Nd3 31. Rd8+ Rxd8 32. Nxd8 Rc7 33.
Rb1 Rxc3 34. Nb7 Rc2 35. Nxa5 Rxf2+ 36. Kg1 Ra2 37. Nc4 Rxa4 38. Ne3 f4 39. Ng4
h5 40. Nf2 Nxf2 41. Kxf2 Ra2+ 42. Kf1 e3 43. Rb6 Kg7 44. Rb7+ Kf6 45. Rb6+ Kf5
46. Rb5+ Kg4 47. Rb6 g5 48. Rb5 Ra1+ 49. Ke2 Rg1 50. h3+ Kh4  0-1

[Event "28th 4NCL Congress"]
[Site "Leamington Spa"]
[Date "2022.07.08"]
[Round "1"]
[Board "17"]
[White "Tomlinson, Zak"]
[Black "Pitt, Chris W"]
[Result "1-0"]
[WhiteElo "1847"]
[BlackElo "1648"]
[PlyCount "65"]
[EventDate "2022.07.08"]
[EventRounds "5"]
[EventCountry "ENG"]

1. e4 e5 2. Nf3 Nc6 3. Bb5 Bc5 4. c3 f5 5. Bxc6 dxc6 6. Nxe5 Qh4 7. d4 Qxe4+ 8.
Qe2 Qxe2+ 9. Kxe2 Bd6 10. f4 Nf6 11. Nd2 O-O 12. Ndf3 Re8 13. h3 b6 14. Re1 c5
15. Be3 cxd4 16. cxd4 Bb7 17. Kf2 Rac8 18. Rac1 c5 19. dxc5 Ne4+ 20. Kg1 Bxc5
21. Bxc5 Nxc5 22. Nd4 g6 23. Nb5 Rcd8 24. Rcd1 Ne4 25. a3 a6 26. Nc7 Rxd1 27.
Rxd1 Rc8 28. Ne6 Re8 29. Nc7 Rc8 30. Rd7 Nc5 31. Re7 Rd8 32. b4 Nd3 33. Ne6  1-0

[Event "28th 4NCL Congress"]
[Site "Leamington Spa"]
[Date "2022.07.08"]
[Round "1"]
[Board "18"]
[White "Ajimal, Jet"]
[Black "Wheeler, Tim"]
[Result "1-0"]
[WhiteElo "1627"]
[BlackElo "1815"]
[PlyCount "61"]
[EventDate "2022.07.08"]
[EventRounds "5"]
[EventCountry "ENG"]

1. e4 c5 2. Nf3 e6 3. d4 cxd4 4. Nxd4 a6 5. Nc3 b5 6. a3 Bb7 7. Be2 Nc6 8. O-O
Nge7 9. Be3 Qb8 10. Qd2 Ng6 11. Rad1 Be7 12. Nb3 d6 13. f4 O-O 14. f5 Nge5 15.
fxe6 fxe6 16. Nd4 Qc8 17. Nxc6 Qxc6 18. Bg5 Bxg5 19. Qxg5 Nc4 20. Bxc4 Qxc4 21.
Qe7 Qc5+ 22. Kh1 Bc6 23. Qxe6+ Kh8 24. Rf7 Qh5 25. Rxf8+ Rxf8 26. Qxd6 Qf7 27.
Qd3 Re8 28. b3 Qg6 29. h3 Bxe4 30. Nxe4 Rxe4 31. Qxe4  1-0

[Event "28th 4NCL Congress"]
[Site "Leamington Spa"]
[Date "2022.07.08"]
[Round "1"]
[Board "19"]
[White "Lewis, Evan"]
[Black "Webster, Vivien"]
[Result "0-1"]
[WhiteElo "1802"]
[BlackElo "1614"]
[PlyCount "114"]
[EventDate "2022.07.08"]
[EventRounds "5"]
[EventCountry "ENG"]

1. d4 b6 2. e4 Bb7 3. Nc3 e6 4. a3 Be7 5. Nf3 Nf6 6. Bd3 d6 7. Qe2 Nbd7 8. Bf4
h6 9. O-O-O Nh5 10. Bd2 Nhf6 11. g4 e5 12. d5 a6 13. h4 Nxg4 14. Rdg1 h5 15.
Ng5 g6 16. f3 Ngf6 17. Qg2 Nf8 18. Na2 N6h7 19. Qe2 Nxg5 20. Bxg5 Bxg5+ 21.
Rxg5 Nd7 22. Nc3 Nc5 23. Nd1 Qf6 24. Nf2 O-O-O 25. Kb1 Kb8 26. Bc4 Ka7 27. b4
Nd7 28. b5 a5 29. Nd1 Nc5 30. Nc3 Rhg8 31. Kb2 Qf4 32. Na2 f6 33. Rgg1 g5 34.
hxg5 Rxg5 35. Rxg5 Qxg5 36. Qh2 Rh8 37. Qh4 Bc8 38. Qxg5 fxg5 39. Nc3 g4 40.
fxg4 Bxg4 41. Rh4 Rf8 42. Be2 Rf4 43. Bxg4 hxg4 44. Rh7 Kb7 45. Rg7 Nxe4 46.
Nxe4 Rxe4 47. c3 Rf4 48. Kc2 Rf2+ 49. Kb3 Rg2 50. Kc4 g3 51. Kd3 Rg1 52. Ke2 g2
53. a4 Ra1 54. Rxg2 Rxa4 55. Kd3 Rf4 56. c4 Rf3+ 57. Ke4 Rc3  0-1

[Event "28th 4NCL Congress"]
[Site "Leamington Spa"]
[Date "2022.07.08"]
[Round "1"]
[Board "20"]
[White "Sivanandan, Bodhana"]
[Black "Boughen, Andrew"]
[Result "1/2-1/2"]
[WhiteElo "1588"]
[BlackElo "1799"]
[PlyCount "80"]
[EventDate "2022.07.08"]
[EventRounds "5"]
[EventCountry "ENG"]

1. e4 c6 2. Nc3 d5 3. Nf3 Bg4 4. h3 Bxf3 5. Qxf3 e6 6. d3 Nd7 7. exd5 cxd5 8.
Be2 Bb4 9. Bd2 Ngf6 10. d4 Qb6 11. Qd3 Bxc3 12. bxc3 Ne4 13. O-O Nxd2 14. Qxd2
Rc8 15. Rab1 Qc7 16. Bb5 a6 17. Bxd7+ Qxd7 18. Rb3 b5 19. Qd3 O-O 20. f4 Rfe8
21. Rbb1 Qc6 22. Rf3 Qc4 23. f5 Qxd3 24. Rxd3 exf5 25. Kf2 Rc4 26. Re1 Rxe1 27.
Kxe1 f6 28. Rf3 g6 29. Kd2 Ra4 30. g4 fxg4 31. hxg4 Kg7 32. Re3 Kf7 33. Rh3 h5
34. gxh5 gxh5 35. Rxh5 Ke6 36. Rh8 Rxa2 37. Rb8 Ra1 38. Rb6+ Ke7 39. Rb7+ Kd6
40. Rb6+ Ke7  1/2-1/2

[Event "28th 4NCL Congress"]
[Site "Leamington Spa"]
[Date "2022.07.08"]
[Round "1"]
[Board "21"]
[White "McLachlan, Matthew"]
[Black "Loog, Tiiu"]
[Result "1-0"]
[WhiteElo "1795"]
[BlackElo "1576"]
[PlyCount "119"]
[EventDate "2022.07.08"]
[EventRounds "5"]
[EventCountry "ENG"]

1. d4 Nf6 2. Bg5 g6 3. Bxf6 exf6 4. e3 Bg7 5. c4 d6 6. Nc3 Nc6 7. Bd3 Bd7 8.
Nge2 O-O 9. a3 f5 10. O-O Ne7 11. Qd2 c6 12. b4 Be6 13. Rfd1 d5 14. c5 b6 15.
Rdb1 bxc5 16. bxc5 Qc7 17. Rb3 Rfb8 18. Rab1 Rxb3 19. Rxb3 Rb8 20. Qb2 Rxb3 21.
Qxb3 Bc8 22. Na2 Qb7 23. Qb4 Qxb4 24. axb4 Kf8 25. g3 Ke8 26. Nec3 Kd7 27. b5
Bb7 28. Nb4 cxb5 29. Bxb5+ Kc7 30. Ba4 a5 31. Nd3 g5 32. Nb5+ Kb8 33. Nc1 Bf8
34. Nd6 Bc6 35. Bc2 f6 36. Nxf5 Nxf5 37. Bxf5 h6 38. Kf1 Bb5+ 39. Ke1 Be7 40.
Be6 Bc4 41. e4 a4 42. Bxd5 Bb5 43. Na2 Bd8 44. f4 gxf4 45. gxf4 Ba5+ 46. Kf2
Bd3 47. Ke3 Bb1 48. e5 fxe5 49. fxe5 Kc7 50. e6 Kd8 51. Bc4 Bc7 52. Nc3 Bc2 53.
h3 Kc8 54. e7 Kd7 55. Nd5 a3 56. Bb5+ Kc8 57. e8=Q+ Kb7 58. Qc6+ Kb8 59. Qxc7+
Ka8 60. Nb6#  1-0

[Event "28th 4NCL Congress"]
[Site "Leamington Spa"]
[Date "2022.07.08"]
[Round "1"]
[Board "22"]
[White "Isik, Muhammed Oguz"]
[Black "Pyda, Arjun"]
[Result "1-0"]
[WhiteElo "1547"]
[BlackElo "1789"]
[PlyCount "85"]
[EventDate "2022.07.08"]
[EventRounds "5"]
[EventCountry "ENG"]

1. e4 d5 2. exd5 Qxd5 3. d4 c6 4. c4 Qd8 5. Nf3 Nf6 6. Nc3 Bf5 7. Be2 e6 8. Bg5
Be7 9. Ne5 Nbd7 10. g4 Bg6 11. Nxg6 hxg6 12. h4 Qb6 13. Qd2 Bb4 14. Bf3 Be7 15.
O-O-O O-O-O 16. Qc2 Kb8 17. Bf4+ Ka8 18. Na4 Qa5 19. c5 Rde8 20. b4 Qxb4 21.
Rd3 Nxc5 22. Nxc5 Bxc5 23. Qxc5 Qxc5+ 24. dxc5 e5 25. g5 e4 26. gxf6 exd3 27.
fxg7 Rh7 28. h5 Rxg7 29. h6 Rh7 30. Kd2 a6 31. Kxd3 Re6 32. Bg4 Re8 33. Bg5 f5
34. Bd1 Kb8 35. Bb3 Kc8 36. Kc3 Kd7 37. Rd1+ Kc8 38. Rd6 Re5 39. Rxg6 Rxc5+ 40.
Kd4 Rb5 41. Rg7 f4 42. Be6+ Kb8 43. Bxf4+  1-0

[Event "28th 4NCL Congress"]
[Site "Leamington Spa"]
[Date "2022.07.09"]
[Round "2"]
[Board "1"]
[White "Thynne, Trefor F"]
[Black "Brocklehurst, Andrew"]
[Result "1/2-1/2"]
[WhiteElo "1897"]
[BlackElo "1987"]
[PlyCount "74"]
[EventDate "2022.07.08"]
[EventRounds "5"]
[EventCountry "ENG"]

1. d4 Nf6 2. c4 g6 3. Nc3 Bg7 4. Nf3 d6 5. g3 O-O 6. Bg2 c6 7. O-O Qc7 8. h3
Nbd7 9. e4 e5 10. Be3 a6 11. Rc1 Re8 12. Re1 b6 13. Qc2 Bb7 14. d5 Rac8 15. Qb1
Qb8 16. Nd2 c5 17. Rf1 b5 18. b3 b4 19. Ne2 a5 20. Qd3 a4 21. g4 h6 22. Ng3 a3
23. Bf3 Kf8 24. g5 hxg5 25. Bxg5 Nh7 26. Qe3 Nxg5 27. Qxg5 Bf6 28. Qe3 Ke7 29.
Bg4 Kd8 30. Nf3 Kc7 31. Kg2 Rcd8 32. Ng5 Re7 33. Rh1 Rh8 34. Rh2 Qg8 35. Rch1
Bc8 36. h4 Nf8 37. Bxc8 Kxc8  1/2-1/2

[Event "28th 4NCL Congress"]
[Site "Leamington Spa"]
[Date "2022.07.09"]
[Round "2"]
[Board "2"]
[White "Turner, Lewis A"]
[Black "Johnson, Richard J"]
[Result "1-0"]
[WhiteElo "1986"]
[BlackElo "1886"]
[PlyCount "67"]
[EventDate "2022.07.08"]
[EventRounds "5"]
[EventCountry "ENG"]

1. e4 c5 2. Nf3 e6 3. d4 cxd4 4. Nxd4 a6 5. Bd3 Nf6 6. O-O Qc7 7. Qe2 d6 8. c4
Be7 9. Nc3 O-O 10. f4 Nbd7 11. Kh1 b6 12. Bd2 Bb7 13. f5 e5 14. Nb3 b5 15. cxb5
d5 16. bxa6 dxe4 17. Nxe4 Bxe4 18. Bxe4 Nxe4 19. Qxe4 Rxa6 20. Bc3 Rfa8 21. a4
Qb8 22. Qd5 Rd6 23. Qb5 Qa7 24. a5 Rb8 25. Qc4 Qa8 26. Qa4 Qd5 27. a6 Nb6 28.
a7 Ra8 29. Qa5 Qxb3 30. Qxe5 Bf8 31. f6 g6 32. Qf4 Rd7 33. Qb8 Qd5 34. Qxb6  1-0

[Event "28th 4NCL Congress"]
[Site "Leamington Spa"]
[Date "2022.07.09"]
[Round "2"]
[Board "3"]
[White "Figueroa, Edison"]
[Black "Sangha, Manpreet"]
[Result "0-1"]
[WhiteElo "1888"]
[BlackElo "1976"]
[PlyCount "70"]
[EventDate "2022.07.08"]
[EventRounds "5"]
[EventCountry "ENG"]

1. e4 c5 2. d4 cxd4 3. c3 Nf6 4. e5 Nd5 5. Nf3 Nc6 6. Bc4 Nb6 7. Bb3 d6 8. exd6
Qxd6 9. cxd4 Be6 10. Nc3 Bxb3 11. Qxb3 e6 12. O-O Be7 13. Nb5 Qd7 14. Bf4 O-O
15. Nxa7 Nb4 16. Nb5 Qxb5 17. Bd2 Qd5 18. Qd1 Nc6 19. Bc3 Bf6 20. a3 Rfd8 21.
Qe2 Nxd4 22. Nxd4 Bxd4 23. Rad1 e5 24. Qh5 Qe6 25. Rc1 Rdc8 26. Rfe1 Qf6 27.
Bxd4 Rxc1 28. Rxc1 exd4 29. Rc7 Rd8 30. Rxb7 d3 31. Qd1 Qc6 32. Re7 Qc2 33. Re1
d2 34. Re8+ Rxe8 35. Qxc2 Re1#  0-1

[Event "28th 4NCL Congress"]
[Site "Leamington Spa"]
[Date "2022.07.09"]
[Round "2"]
[Board "4"]
[White "Bott, Simeon"]
[Black "Tomlinson, Zak"]
[Result "0-1"]
[WhiteElo "1963"]
[BlackElo "1847"]
[PlyCount "146"]
[EventDate "2022.07.08"]
[EventRounds "5"]
[EventCountry "ENG"]

1. e4 e5 2. Nf3 Nc6 3. Bb5 a6 4. Ba4 Nf6 5. O-O b5 6. Bb3 Be7 7. Re1 O-O 8. h3
d6 9. c3 Na5 10. Bc2 c5 11. d4 cxd4 12. cxd4 Qc7 13. Nbd2 Bb7 14. d5 Rac8 15.
Bd3 Nd7 16. Nf1 f5 17. b3 Nc5 18. Ba3 fxe4 19. Bxe4 Nxe4 20. Rxe4 Ba8 21. Qd2
Nb7 22. Rc1 Qd7 23. b4 Rxc1 24. Bxc1 Nd8 25. Re2 Qb7 26. Ne3 e4 27. Nd4 Bg5 28.
Ndc2 Qf7 29. Bb2 Bf6 30. Bxf6 Qxf6 31. Qd4 Qxd4 32. Nxd4 g6 33. Rc2 Nf7 34. Ne6
Re8 35. Nc7 Rc8 36. Nxa8 Rxa8 37. Rc6 Kg7 38. a3 h5 39. Kf1 Kf6 40. Ke2 Ke7 41.
Rc7+ Kf6 42. Rd7 a5 43. Rb7 axb4 44. axb4 Ra2+ 45. Ke1 Ne5 46. Rxb5 Nd3+ 47.
Kf1 Rxf2+ 48. Kg1 Rb2 49. Rb6 Rb1+ 50. Kh2 Ke5 51. Nc4+ Kxd5 52. Nxd6 Rxb4 53.
Rxb4 Nxb4 54. Nf7 Kd4 55. Kg1 Kd3 56. Ne5+ Kd2 57. Nxg6 e3 58. Ne5 e2 59. Nf3+
Kd1 60. g4 hxg4 61. hxg4 Nd3 62. g5 Ne5 63. g6 Nxf3+ 64. Kf2 e1=Q+ 65. Kxf3 Qg1
66. Kf4 Qxg6 67. Ke3 Qg4 68. Kd3 Qf4 69. Kc3 Qe4 70. Kb3 Kd2 71. Ka3 Kc3 72.
Ka2 Qb4 73. Ka1 Qb2#  0-1

[Event "28th 4NCL Congress"]
[Site "Leamington Spa"]
[Date "2022.07.09"]
[Round "2"]
[Board "5"]
[White "Jakhria, Kushal"]
[Black "Obi, Okwose Marc"]
[Result "1/2-1/2"]
[WhiteElo "1853"]
[BlackElo "1962"]
[PlyCount "47"]
[EventDate "2022.07.08"]
[EventRounds "5"]
[EventCountry "ENG"]

1. d4 d5 2. c4 e6 3. Nf3 c5 4. cxd5 exd5 5. g3 Nf6 6. Bg2 c4 7. O-O Be7 8. Nc3
O-O 9. Ne5 Nc6 10. Bg5 Be6 11. Nxc6 bxc6 12. b3 Qa5 13. Qc2 Rac8 14. Rac1 h6
15. Bd2 Bb4 16. e4 cxb3 17. axb3 dxe4 18. Ra1 Qb6 19. Nxe4 Nxe4 20. Bxb4 Qxb4
21. Qxe4 a5 22. Ra4 Qxb3 23. Rxa5 Bd5 24. Qe3  1/2-1/2